| 000 | 01059nam a22003137a 4500 | ||
|---|---|---|---|
| 001 | 6250 | ||
| 003 | FISKH | ||
| 005 | 20250407084117.0 | ||
| 008 | 250407b cb ||||| |||| 00| 0 eng d | ||
| 020 | _a9780545243933 | ||
| 040 |
_aDLC _cDLC _dDLC _beng |
||
| 050 | _aPZ7.M4786847 F | ||
| 082 | _a159 | ||
| 100 | 1 | _aMcKinnon, Hannah Roberts | |
| 245 | 1 | 0 |
_aFranny Parker / _cHannah Roberts McKinnon. |
| 250 | _aThis edition first published in 2010 | ||
| 260 |
_aNew York : _bScholastic, _c2009 |
||
| 300 |
_a149 pages : _c20 cm |
||
| 505 | _aR | ||
| 520 | _aThrough a hot, dry Oklahoma summer, twelve-year-old Franny tends wild animals brought by her neighbors, hears gossip during a weekly quilting bee, befriends a new neighbor who has some big secrets, and learns to hope. | ||
| 521 | 8 |
_a680
_bLexile |
|
| 521 | 8 |
_aR
_bRaz-Plus |
|
| 650 | 1 |
_aFamily life _vFiction. |
|
| 650 | 1 |
_aWildlife rescue _vFiction. |
|
| 650 | 1 |
_aFarm life _vFiction. |
|
| 906 |
_a7 _bcbc _corignew _d1 _eecip _f20 _gy-gencatlg |
||
| 942 |
_2ddc _cBK _n0 |
||
| 999 |
_c6250 _d6250 |
||